zpět

Detail výsledku týmu

Expedice, Šternberk

Datum a čas kvízu

17 Celkem bodů Celkový počet nahraných bodů na tomto kvízu bez doplňovacích otázek.
1. Pořadí na kvízu Konečné umístění týmu na tomto kvízu.

Zaznamenané odpovědi

# Otázka Odpověď Body Výsledky
1. Omluva od politika se jen tak... 0
2. V centru Paříže se v sobotu se... 1
3. Největší úspěch na předávání E... 1
4. Evropské nezávislé konsorcium,... 0
5. Real Madrid dostal v závěrečné... 1
6. Z filmu S tebou mě baví svět:... 1
7. "Soudruhu doktore, já jsem red... 1
8. Jak se jmenují pletichářští rá... 1
9. "Tato kašna a vlasy paní sládk... 1
10. „Hele, Hanko, já ti musim něco... 1